000 00314nam a22001457a 4500
020 _a9781781633694
041 _aENG
082 _a342.0878
_bSHA
100 _aShaikh Sarfaraz
245 _aHuman Rights of Women in Islam
260 _aUK,
_b Koros Press
_c2015
300 _a337p
650 _aLaw
942 _cBK
999 _c23578
_d23578